[Event "Druzynowe Mistrzostwa Polski Niewidomyc"]
[Site "Wagrowiec"]
[Date "2016.??.??"]
[Round "6.3"]
[White "Jagiela, Andrzej"]
[Black "Zoltek, Tadeusz"]
[Result "0-1"]
[WhiteElo "1673"]
[BlackElo "2149"]
[PlyCount "62"]
[EventDate "2016.??.??"]

1. e4 c5 2. Nf3 Nc6 3. d4 cxd4 4. Nxd4 e5 5. Nb3 Bb4+ 6. Bd2 Be7 7. Bc4 Nf6 8.
Nc3 O-O 9. O-O Nxe4 10. Nxe4 d5 11. Bxd5 Qxd5 12. Nc3 Qc4 13. a3 Bf5 14. Qc1 a5
15. Be3 Nd4 16. Nd2 Qc6 17. Bxd4 exd4 18. Ne2 Bf6 19. Nf3 Rfd8 20. Rd1 Qc4 21.
Rd2 Bg4 22. b3 Qa6 23. Rd3 Bf5 24. Rd2 d3 25. cxd3 Bxa1 26. Qxa1 Rxd3 27. Ng3
Rxd2 28. Nxd2 Qd3 29. Nh5 f6 30. Qa2 Rd8 31. Nf1 Qc2 0-1

[Event "Druzynowe Mistrzostwa Polski Niewidomyc"]
[Site "Wagrowiec"]
[Date "2016.??.??"]
[Round "6.5"]
[White "Zelajtys, Jozef"]
[Black "Zarow, Zdzislaw"]
[Result "1-0"]
[WhiteElo "1706"]
[BlackElo "1818"]
[PlyCount "95"]
[EventDate "2016.??.??"]

1. e4 e5 2. Nf3 Nf6 3. Nxe5 d5 4. exd5 Qxd5 5. Nf3 Bd6 6. Nc3 Qh5 7. Qe2+ Kd8
8. Qb5 Re8+ 9. Be2 Qg6 10. O-O h6 11. Nh4 a6 12. Qxe8+ Kxe8 13. Nxg6 fxg6 14.
d3 Nc6 15. Bf3 Be6 16. Bxc6+ bxc6 17. Re1 Kf7 18. Ne4 Rb8 19. Nxd6+ cxd6 20. b3
Rb5 21. Bf4 Ne8 22. d4 g5 23. c4 Rf5 24. Bg3 h5 25. h4 gxh4 26. Bxh4 g5 27. Bg3
h4 28. Bh2 g4 29. Re3 Rf6 30. Rae1 Ng7 31. Re4 d5 32. cxd5 Bxd5 33. Re7+ Kg6
34. Rxg7+ Kxg7 35. Be5 Kg6 36. Bxf6 Kxf6 37. Re5 Be6 38. Rh5 h3 39. gxh3 gxh3
40. Re5 Bf5 41. a3 Bc2 42. b4 Bf5 43. Ra5 Bc8 44. Rc5 Bb7 45. a4 Ke6 46. b5
axb5 47. axb5 cxb5 48. Rxb5 1-0

[Event "Druzynowe Mistrzostwa Polski Niewidomyc"]
[Site "Wagrowiec"]
[Date "2016.??.??"]
[Round "6.6"]
[White "Ruszczycki, Jacek"]
[Black "Dziobek, Jerzy"]
[Result "1-0"]
[WhiteElo "1918"]
[BlackElo "1750"]
[PlyCount "61"]
[EventDate "2016.??.??"]

1. e4 e5 2. Nc3 d6 3. Nf3 Nf6 4. d4 Nbd7 5. Bc4 h6 6. h3 Be7 7. Be3 a6 8. a3
O-O 9. Qd2 exd4 10. Nxd4 Ne5 11. Bb3 Kh7 12. f4 Ng6 13. O-O-O Bd7 14. g4 Ng8
15. Rdg1 Nh4 16. Rg3 g5 17. f5 c5 18. Nf3 Nxf3 19. Rxf3 Bc6 20. Bd5 Rc8 21. Rf2
b5 22. Bxc6 Rxc6 23. Nd5 f6 24. h4 Kg7 25. hxg5 fxg5 26. Rfh2 Bf6 27. Rh5 Kf7
28. Qh2 Bg7 29. Rxg5 Nf6 30. Rxg7+ Kxg7 31. Qxh6+ 1-0

[Event "Druzynowe Mistrzostwa Polski Niewidomyc"]
[Site "Wagrowiec"]
[Date "2016.??.??"]
[Round "6.7"]
[White "Kulik, Roman"]
[Black "Szydlowski, Wiktor"]
[Result "0-1"]
[WhiteElo "1743"]
[BlackElo "1781"]
[PlyCount "44"]
[EventDate "2016.??.??"]

1. Nf3 d5 2. d4 Nf6 3. Bg5 e6 4. e3 Be7 5. Nbd2 O-O 6. Be2 Nbd7 7. O-O c5 8. c4
cxd4 9. Nxd4 dxc4 10. Nxc4 a6 11. Nb3 Nd5 12. Bxe7 Qxe7 13. Bf3 Rd8 14. Qe2 Rb8
15. Rfd1 N7f6 16. Rd2 Bd7 17. Rad1 h6 18. Nc1 Bb5 19. b3 Rbc8 20. Rc2 Nb4 21.
Rc3 Nfd5 22. Bxd5 exd5 0-1

[Event "Druzynowe Mistrzostwa Polski Niewidomyc"]
[Site "Wagrowiec"]
[Date "2016.??.??"]
[Round "6.8"]
[White "Barnowski, Sylwester"]
[Black "Staruch, Roman"]
[Result "0-1"]
[WhiteElo "1871"]
[BlackElo "1905"]
[PlyCount "95"]
[EventDate "2016.??.??"]

1. d4 Nf6 2. f4 e6 3. Nf3 c5 4. e3 Nc6 5. c3 d5 6. Bd3 a6 7. O-O b5 8. Ne5 Qb6
9. a3 cxd4 10. exd4 Bd6 11. Nd2 Bxe5 12. fxe5 Nxe5 13. Bc2 O-O 14. Kh1 Ng6 15.
Nf3 Bb7 16. Ne5 Nxe5 17. dxe5 Ne4 18. Qe2 a5 19. Be3 Qc6 20. Qg4 f5 21. exf6
Nxf6 22. Qh3 e5 23. Rad1 Bc8 24. Qg3 e4 25. Bd4 Kh8 26. Bb3 Be6 27. Qg5 Bg8 28.
Rf4 a4 29. Ba2 h6 30. Rh4 Bh7 31. Qg3 Rad8 32. Rf1 Qe6 33. Rhf4 Qe7 34. Bxf6
gxf6 35. Qh4 Qg7 36. Rd1 Qg5 37. Qf2 Kg7 38. h4 Qe5 39. Rd4 f5 40. Qe3 Bg8 41.
g4 fxg4 42. Rxg4+ Kh7 43. Kg2 Rf3 44. Qe1 Rdf8 45. Rd2 Qf5 46. Rg3 Be6 47. Rxf3
Qxf3+ 48. Kh2 0-1

[Event "Druzynowe Mistrzostwa Polski Niewidomyc"]
[Site "Wagrowiec"]
[Date "2016.??.??"]
[Round "6.9"]
[White "Myszka, Zygmunt"]
[Black "Traczyk, Tadeusz"]
[Result "1-0"]
[WhiteElo "1848"]
[BlackElo "1857"]
[PlyCount "41"]
[EventDate "2016.??.??"]

1. e4 c5 2. Nc3 Nc6 3. f4 g6 4. Nf3 Bg7 5. a4 e6 6. e5 a6 7. Ne4 Bf8 8. Nd6+
Bxd6 9. exd6 Nf6 10. d4 cxd4 11. Nxd4 O-O 12. Be3 Nd5 13. Bc1 Qf6 14. Ne2 Nb6
15. g3 e5 16. Bg2 Re8 17. O-O exf4 18. Rxf4 Qg7 19. Nc3 Re5 20. Qf1 Nd5 21.
Bxd5 1-0

[Event "Druzynowe Mistrzostwa Polski Niewidomyc"]
[Site "Wagrowiec"]
[Date "2016.??.??"]
[Round "6.10"]
[White "Filipiak, Rajmund"]
[Black "Mettel, Werner"]
[Result "1/2-1/2"]
[WhiteElo "1561"]
[BlackElo "1804"]
[PlyCount "122"]
[EventDate "2016.??.??"]

1. d4 d5 2. Bf4 Nf6 3. e3 Bf5 4. Bd3 Bg6 5. Nf3 Nbd7 6. c4 e6 7. c5 Be7 8. Nc3
c6 9. b4 O-O 10. O-O Nh5 11. Bg3 Nxg3 12. hxg3 Nf6 13. a4 Bh5 14. Qc2 Bxf3 15.
gxf3 g6 16. Kg2 Kg7 17. Rh1 Rh8 18. Ne2 Qc7 19. Qc3 Rad8 20. b5 b6 21. cxb6
Qxb6 22. Qxc6 Qa5 23. Qc3 Bb4 24. Qb3 Rc8 25. Rhc1 Rhd8 26. Rc6 Rxc6 27. bxc6
Rc8 28. Rc1 Rc7 29. Rb1 Bd6 30. Qb5 Qd2 31. e4 dxe4 32. fxe4 Ng4 33. e5 Be7 34.
Be4 Qh6 35. Rh1 Qd2 36. Bf3 Nh6 37. Qb8 Qa5 38. Rb1 Nf5 39. Rb7 Rxb7 40. cxb7
Bd8 41. Qc8 Bc7 42. b8=Q Bxb8 43. Qxb8 Qxa4 44. d5 exd5 45. Bxd5 Qd7 46. Qb7
Qxb7 47. Bxb7 h6 48. Bd5 Kf8 49. g4 Nh4+ 50. Kg3 g5 51. Nd4 Ng6 52. e6 fxe6 53.
Bxe6 Ke7 54. Bb3 Kf6 55. Nf5 h5 56. gxh5 Nf4 57. Kg4 Nxh5 58. Kxh5 Kxf5 59. Bd1
Kf4 60. Kg6 a5 61. Kf6 a4 1/2-1/2

[Event "Druzynowe Mistrzostwa Polski Niewidomyc"]
[Site "Wagrowiec"]
[Date "2016.??.??"]
[Round "6.14"]
[White "Wyrzykowski, Jozef"]
[Black "Niecko, Stanislaw"]
[Result "0-1"]
[WhiteElo "1655"]
[BlackElo "1843"]
[PlyCount "40"]
[EventDate "2016.??.??"]

1. c4 e5 2. Nc3 Nc6 3. Nf3 Nf6 4. e4 d6 5. Be2 Be7 6. b3 O-O 7. O-O Ne8 8. h3
f5 9. exf5 Bxf5 10. d3 Nf6 11. Bb2 h6 12. a3 Qd7 13. Kh2 Rf7 14. Qc2 Raf8 15.
Ne4 Nxe4 16. dxe4 Bxh3 17. gxh3 Rxf3 18. Bxf3 Rxf3 19. Rh1 Rxh3+ 20. Kg2 Qg4+
0-1

[Event "Druzynowe Mistrzostwa Polski Niewidomyc"]
[Site "Wagrowiec"]
[Date "2016.??.??"]
[Round "6.16"]
[White "Pawelec, Bartosz"]
[Black "Hagner, Pawel"]
[Result "1-0"]
[WhiteElo "2092"]
[BlackElo "1680"]
[PlyCount "85"]
[EventDate "2016.??.??"]

1. e4 d6 2. d4 Nf6 3. Nc3 g6 4. Bg5 Bg7 5. e5 dxe5 6. dxe5 Qxd1+ 7. Rxd1 Nfd7
8. Nd5 Bxe5 9. Nf3 e6 10. Nxe5 exd5 11. Rxd5 O-O 12. Nf3 Re8+ 13. Kd2 Nb6 14.
Rd8 Bd7 15. Ne5 Nc6 16. Rxa8 Rxa8 17. Nxd7 Nxd7 18. Bb5 Nce5 19. Re1 c6 20. Bf1
f6 21. Bh4 Rd8 22. Kc1 g5 23. Bg3 Ng6 24. Bc4+ Kg7 25. Rd1 Ngf8 26. Re1 Ng6 27.
Rd1 Ngf8 28. Bd6 Re8 29. Bd3 Ne5 30. Bf5 Nfg6 31. g3 Nf3 32. h3 Nfe5 33. Bc7
Re7 34. Bd8 Re8 35. Rd6 Rf8 36. Bc7 Nc4 37. Rd4 b5 38. Be6 Nge5 39. f4 Nf3 40.
Rd7+ Kh6 41. Bf5 Rh8 42. Bd8 Ne3 43. Be4 1-0

[Event "Druzynowe Mistrzostwa Polski Niewidomyc"]
[Site "Wagrowiec"]
[Date "2016.??.??"]
[Round "6.17"]
[White "Stankiewicz, Edward"]
[Black "Kowalczyk, Marian"]
[Result "1/2-1/2"]
[WhiteElo "1825"]
[BlackElo "1965"]
[PlyCount "68"]
[EventDate "2016.??.??"]

1. d4 d5 2. c4 e6 3. Nf3 Nf6 4. e3 Be7 5. Bd3 dxc4 6. Bxc4 b6 7. O-O O-O 8. Bd3
Bb7 9. Qe2 Nbd7 10. Rd1 Rc8 11. Nbd2 c5 12. Ba6 Bxa6 13. Qxa6 Qc7 14. Qe2 cxd4
15. exd4 Bd6 16. g3 Rfe8 17. Ne4 Nxe4 18. Qxe4 Nf6 19. Qd3 Qc2 20. Rd2 Qxd3 21.
Rxd3 Ne4 22. Nd2 Nf6 23. Nf3 Nd5 24. Bd2 Re7 25. a3 Rec7 26. Rb1 f6 27. Kf1 b5
28. Ng1 b4 29. axb4 Bxb4 30. Ne2 a5 31. Bxb4 Nxb4 32. Rd2 Rc1+ 33. Rd1 Rxd1+
34. Rxd1 Rc2 1/2-1/2

[Event "Druzynowe Mistrzostwa Polski Niewidomyc"]
[Site "Wagrowiec"]
[Date "2016.??.??"]
[Round "6.18"]
[White "Wojcieszyn, Zdzislaw"]
[Black "Wolanski, Michal"]
[Result "1/2-1/2"]
[WhiteElo "1914"]
[BlackElo "1954"]
[PlyCount "97"]
[EventDate "2016.??.??"]

1. c4 Nf6 2. g3 c5 3. Bg2 Nc6 4. Nc3 g6 5. Nf3 Bg7 6. d4 cxd4 7. Nxd4 Nxd4 8.
Qxd4 O-O 9. O-O d6 10. Qh4 Rb8 11. Bh6 Bf5 12. Bxg7 Kxg7 13. Rfd1 Qb6 14. b3
Ng4 15. Rf1 f6 16. Nd5 Qd8 17. f3 h5 18. fxg4 Bxg4 19. Nf4 Qb6+ 20. Kh1 Rh8 21.
Nd5 Qd4 22. Nxe7 Qe5 23. Nxg6 Kxg6 24. e4 b5 25. cxb5 Rxb5 26. Rac1 Rc5 27.
Rxc5 dxc5 28. h3 Kg7 29. Kh2 Rh6 30. Bf3 Qb2+ 31. Kg1 Bxf3 32. Rxf3 Qxa2 33. e5
Qa1+ 34. Kg2 Qb2+ 35. Kg1 Qxe5 36. Kf2 Rh8 37. Qa4 Re8 38. Kg2 Qe2+ 39. Rf2
Qe4+ 40. Qxe4 Rxe4 41. Ra2 Re7 42. Ra5 Rc7 43. Kf3 Kg6 44. Ke4 c4 45. bxc4
Rxc4+ 46. Kf3 Rc7 47. Ke4 Rc4+ 48. Kf3 Rc7 49. Ra4 1/2-1/2

[Event "Druzynowe Mistrzostwa Polski Niewidomyc"]
[Site "Wagrowiec"]
[Date "2016.??.??"]
[Round "7.1"]
[White "Hagner, Pawel"]
[Black "Walczak, Lucjan"]
[Result "1-0"]
[WhiteElo "1680"]
[BlackElo "1842"]
[PlyCount "84"]
[EventDate "2016.??.??"]

1. d4 Nf6 2. Nf3 e6 3. Bg5 d5 4. e3 c6 5. c3 h6 6. Bh4 Nbd7 7. Nbd2 Be7 8. Bd3
c5 9. Qe2 b6 10. Ne5 Nxe5 11. dxe5 Nd7 12. Bg3 Bb7 13. Qg4 g5 14. Qh5 Qc7 15.
Nf3 d4 16. exd4 cxd4 17. Nxd4 Bxg2 18. Nxe6 Qb7 19. Bg6 Nc5 20. Bxf7+ Kd7 21.
O-O-O+ Kc8 22. Nxc5 Qf3 23. Be6+ Kc7 24. Na6+ Kb7 25. Bd5+ Qxd5 26. Rxd5 Bxd5
27. Rd1 Rad8 28. Qe2 g4 29. Rd4 Bg5+ 30. Kb1 Bf3 31. Qd3 Rxd4 32. cxd4 Rc8 33.
a3 Rc1+ 34. Ka2 Rd1 35. Qb5 Rxd4 36. Nc5+ Kc8 37. Qa6+ Kb8 38. e6+ Bf4 39.
Bxf4+ Rxf4 40. Nd7+ Kc7 41. Qxa7+ Kc6 42. Qxb6+ Kd5 1-0

[Event "Druzynowe Mistrzostwa Polski Niewidomyc"]
[Site "Wagrowiec"]
[Date "2016.??.??"]
[Round "7.2"]
[White "Krynicki, Henryk"]
[Black "Stankiewicz, Edward"]
[Result "1/2-1/2"]
[WhiteElo "1749"]
[BlackElo "1825"]
[PlyCount "53"]
[EventDate "2016.??.??"]

1. e4 d6 2. d4 Nf6 3. Nc3 g6 4. f3 Bg7 5. Be3 Nfd7 6. Qd2 h5 7. O-O-O e5 8.
Nge2 Nc6 9. d5 Ne7 10. g4 hxg4 11. fxg4 Nf6 12. g5 Nh5 13. Bg2 Ng8 14. Rdf1 a6
15. Qd1 Qe7 16. Ng3 f5 17. gxf6 Nhxf6 18. Bg5 Bd7 19. h4 Bh6 20. Bxh6 Rxh6 21.
Bh3 Qg7 22. Rfg1 Qh7 23. Nge2 Bxh3 24. Rxh3 Rh5 25. Rh2 Qf7 26. Rf2 Qh7 27. Qf1
1/2-1/2

[Event "Druzynowe Mistrzostwa Polski Niewidomyc"]
[Site "Wagrowiec"]
[Date "2016.??.??"]
[Round "7.3"]
[White "Wolanski, Michal"]
[Black "Cebula, Jozef"]
[Result "0-1"]
[WhiteElo "1954"]
[BlackElo "1723"]
[PlyCount "64"]
[EventDate "2016.??.??"]

1. c4 e5 2. Nc3 Nf6 3. Nf3 Nc6 4. d4 exd4 5. Nxd4 Ne5 6. e4 Bb4 7. Qb3 Ba5 8.
Bg5 h6 9. Bh4 Ng6 10. Bxf6 Qxf6 11. O-O-O Qxf2 12. Kb1 O-O 13. g3 d6 14. Nf5
Bxf5 15. exf5 Qxf5+ 16. Bd3 Qg5 17. Ne4 Qd8 18. Bc2 Ne5 19. c5 Qe7 20. cxd6
cxd6 21. Nxd6 Rfd8 22. Nf5 Qc7 23. Ne3 Qc5 24. a3 Nf3 25. Nc4 Nd4 26. Qa4 Nxc2
27. Nxa5 Ne3 28. Rxd8+ Rxd8 29. Nxb7 Qf5+ 30. Ka2 Qd5+ 31. Qb3 Qxb3+ 32. Kxb3
Rb8 0-1

[Event "Druzynowe Mistrzostwa Polski Niewidomyc"]
[Site "Wagrowiec"]
[Date "2016.??.??"]
[Round "7.5"]
[White "Kowalczyk, Marian"]
[Black "Mackowiak, Marek"]
[Result "0-1"]
[WhiteElo "1965"]
[BlackElo "2165"]
[PlyCount "132"]
[EventDate "2016.??.??"]

1. d4 d5 2. Nf3 Nf6 3. c4 c6 4. Nc3 e6 5. Bg5 Be7 6. e3 O-O 7. cxd5 exd5 8. h3
h6 9. Bh4 Bf5 10. Bd3 Ne4 11. Bxe7 Qxe7 12. O-O Nd7 13. Qc2 Rfe8 14. Rae1 Bg6
15. Nd2 Ndf6 16. Ncxe4 Nxe4 17. Nxe4 Bxe4 18. f3 Bxd3 19. Qxd3 Qb4 20. Re2 Rad8
21. Rc1 Rd7 22. Rc3 Qd6 23. a3 a6 24. Qf5 Re6 25. Rd3 Rf6 26. Qe5 Re6 27. Qxd6
Rexd6 28. b4 f6 29. Kf2 Kf7 30. Ke1 f5 31. g4 g6 32. gxf5 gxf5 33. Rg2 Re6 34.
f4 Rdd6 35. Rc3 Rg6 36. Rcc2 Rde6 37. Rxg6 Rxg6 38. Kf2 Ke7 39. Rc1 h5 40. a4
Kd7 41. a5 h4 42. Ra1 Kc7 43. Rd1 Rg3 44. Rh1 b6 45. Rh2 Rg6 46. Rh1 Rg8 47.
Re1 Kb7 48. Rb1 Rg3 49. Rh1 Kc7 50. Rh2 Kb8 51. Rh1 Kc8 52. Rc1 Kc7 53. Rh1
bxa5 54. bxa5 Kd6 55. Ke2 c5 56. Rb1 c4 57. Rb6+ Kc7 58. Rxa6 Rxh3 59. Rh6 Rh2+
60. Kd1 Kb7 61. Kc1 h3 62. Rb6+ Ka7 63. Rh6 Rh1+ 64. Kb2 h2 65. Ka2 c3 66. Rc6
Rc1 0-1

[Event "Druzynowe Mistrzostwa Polski Niewidomyc"]
[Site "Wagrowiec"]
[Date "2016.??.??"]
[Round "7.6"]
[White "Niecko, Stanislaw"]
[Black "Wojcieszyn, Zdzislaw"]
[Result "0-1"]
[WhiteElo "1843"]
[BlackElo "1914"]
[PlyCount "102"]
[EventDate "2016.??.??"]

1. e4 c5 2. Nf3 Nc6 3. d4 cxd4 4. Nxd4 Nf6 5. Nc3 d6 6. h3 g6 7. Be3 Bg7 8. Be2
Bd7 9. Qd2 O-O 10. g4 Rc8 11. g5 Ne8 12. Nxc6 Bxc6 13. Bd4 Qa5 14. Bxg7 Nxg7
15. Nd5 Qxd2+ 16. Kxd2 Bxd5 17. exd5 f6 18. f4 fxg5 19. fxg5 Rf5 20. c4 Rxg5
21. b3 Rf8 22. Raf1 Rxf1 23. Rxf1 Rg2 24. Ke3 Rg3+ 25. Rf3 Nf5+ 26. Kf2 Rxf3+
27. Bxf3 b6 28. Be4 Nh6 29. Kg3 Kg7 30. Kf4 Kf6 31. Bd3 Nf7 32. Be2 h6 33. Bd1
Ne5 34. Be2 a5 35. Bf1 g5+ 36. Ke4 Ng6 37. Be2 Ne5 38. a3 Kg6 39. b4 axb4 40.
axb4 Nd7 41. Kd4 h5 42. Bd3+ Kf6 43. Be2 Kg6 44. Bd3+ Kf7 45. Bf5 Nf6 46. c5
bxc5+ 47. bxc5 dxc5+ 48. Kxc5 g4 49. hxg4 hxg4 50. Bxg4 Nxg4 51. Kc6 Nf6 0-1

[Event "Druzynowe Mistrzostwa Polski Niewidomyc"]
[Site "Wagrowiec"]
[Date "2016.??.??"]
[Round "7.7"]
[White "Bojczewski, Rafal"]
[Black "Stolarczyk, Anna"]
[Result "1-0"]
[WhiteElo "1654"]
[BlackElo "1990"]
[PlyCount "77"]
[EventDate "2016.??.??"]

1. e4 c5 2. Nf3 d6 3. c3 Nf6 4. h3 Nc6 5. Bd3 b6 6. O-O Bb7 7. Bc2 g6 8. d3 Bg7
9. Be3 e5 10. Re1 O-O 11. Nbd2 d5 12. exd5 Nxd5 13. Bg5 Qd7 14. Nb3 h6 15. Be3
Nxe3 16. fxe3 Rad8 17. Qe2 Qe7 18. Rad1 Rd7 19. Qf2 Rfd8 20. Nfd2 Qf8 21. Nf3
a5 22. a4 Ba6 23. d4 cxd4 24. exd4 exd4 25. Nbxd4 Nxd4 26. Nxd4 Bxd4 27. Rxd4
Rxd4 28. cxd4 Qb4 29. Rd1 Kg7 30. Qf4 Re8 31. b3 Qc3 32. Be4 Qxb3 33. Rc1 Qxa4
34. Bc6 Bb5 35. Bxe8 Bxe8 36. Qe5+ Kh7 37. Rc8 f6 38. Qe7+ Kg8 39. Rxe8+ 1-0

[Event "Druzynowe Mistrzostwa Polski Niewidomyc"]
[Site "Wagrowiec"]
[Date "2016.??.??"]
[Round "7.8"]
[White "Staruch, Roman"]
[Black "Sargalski, Andrzej"]
[Result "1-0"]
[WhiteElo "1905"]
[BlackElo "1831"]
[PlyCount "53"]
[EventDate "2016.??.??"]

1. e4 e5 2. Nf3 Nc6 3. d4 exd4 4. Nxd4 Nf6 5. Nxc6 bxc6 6. Bd3 Bb7 7. O-O Be7
8. e5 Nd5 9. Qg4 g6 10. Bh6 Rg8 11. Nd2 Bc8 12. Nf3 d6 13. Qc4 Bd7 14. Rfe1 Nb6
15. Qc3 d5 16. Nd4 c5 17. e6 cxd4 18. exd7+ Qxd7 19. Qxd4 O-O-O 20. a4 a5 21.
Bb5 Qd6 22. Qe3 Bf6 23. Bf4 Qb4 24. c3 Qb3 25. Qc5 Na8 26. Qc6 Kb8 27. Qxf6 1-0

[Event "Druzynowe Mistrzostwa Polski Niewidomyc"]
[Site "Wagrowiec"]
[Date "2016.??.??"]
[Round "7.9"]
[White "Przewoznik, Emil"]
[Black "Myszka, Zygmunt"]
[Result "1/2-1/2"]
[WhiteElo "1808"]
[BlackElo "1848"]
[PlyCount "81"]
[EventDate "2016.??.??"]

1. d4 d5 2. c4 c6 3. Nc3 Nf6 4. cxd5 cxd5 5. Bf4 Bd7 6. Nf3 a6 7. e3 Nc6 8. Qb3
Na5 9. Qc2 e6 10. Ne5 Rc8 11. Nxd7 Qxd7 12. Bd3 Be7 13. O-O Nc4 14. Rac1 Nd6
15. Qe2 O-O 16. Rc2 Nde4 17. Rfc1 Nxc3 18. Rxc3 Rxc3 19. Rxc3 Rc8 20. Qc2 Rxc3
21. Qxc3 Ne8 22. Bc2 Bd6 23. Bxd6 Nxd6 24. h4 f5 25. g3 h6 26. Bb3 Kf8 27. Qb4
Kf7 28. Ba4 Qc7 29. Kg2 b5 30. Bd1 g6 31. a4 Kf6 32. Qc5 Qb8 33. b4 g5 34.
hxg5+ hxg5 35. Qc6 Nc4 36. Qxa6 bxa4 37. Qxa4 Nb2 38. Qb3 Nxd1 39. Qxd1 Qxb4
40. Qh5 Qf8 41. Qh7 {...102} 1/2-1/2

[Event "Druzynowe Mistrzostwa Polski Niewidomyc"]
[Site "Wagrowiec"]
[Date "2016.??.??"]
[Round "7.10"]
[White "Mettel, Werner"]
[Black "Wyrzykowski, Jozef"]
[Result "1-0"]
[WhiteElo "1804"]
[BlackElo "1655"]
[PlyCount "117"]
[EventDate "2016.??.??"]

1. e4 e5 2. Nf3 d6 3. Nc3 Nf6 4. Bc4 Be7 5. d3 O-O 6. O-O Nc6 7. h3 h6 8. Bb3
Na5 9. Be3 Nxb3 10. axb3 Be6 11. Ra4 c5 12. Qa1 a6 13. Ne2 Nd7 14. Ng3 f5 15.
exf5 Bxf5 16. Nxf5 Rxf5 17. Qd1 Nb6 18. Rg4 h5 19. Rg3 Bh4 20. Nxh4 Qxh4 21.
Qd2 Raf8 22. Bg5 Qd4 23. c3 Qd5 24. Qe2 Qf7 25. c4 Kh8 26. h4 Nd7 27. Be3 Nf6
28. Rg5 Ng4 29. Rxf5 Qxf5 30. Bg5 g6 31. Be7 Rf7 32. Bxd6 b6 33. f3 Qf4 34.
fxg4 Qd4+ 35. Kh1 Rxf1+ 36. Qxf1 Qxd6 37. gxh5 gxh5 38. Qf5 Qh6 39. Qxe5+ Kh7
40. Qe7+ Kh8 41. Qe2 a5 42. g3 Kg8 43. Kg2 Kh8 44. Qe5+ Kh7 45. Kf3 Qf8+ 46.
Qf4 Qa8+ 47. Qe4+ Qxe4+ 48. dxe4 Kg6 49. Kf4 Kf6 50. e5+ Ke6 51. Ke4 Kf7 52.
Kf5 Ke7 53. e6 Kf8 54. Kg5 Ke7 55. Kxh5 Kxe6 56. Kg6 Ke5 57. h5 Kd4 58. h6 Kd3
59. h7 1-0

[Event "Druzynowe Mistrzostwa Polski Niewidomyc"]
[Site "Wagrowiec"]
[Date "2016.??.??"]
[Round "7.12"]
[White "Zarow, Zdzislaw"]
[Black "Barnowski, Sylwester"]
[Result "0-1"]
[WhiteElo "1818"]
[BlackElo "1871"]
[PlyCount "87"]
[EventDate "2016.??.??"]

1. e4 Nf6 2. Nc3 d5 3. exd5 Nxd5 4. Bc4 c6 5. Nf3 Bg4 6. d4 e6 7. Ne4 Be7 8. c3
Nd7 9. h3 Bh5 10. Ng3 Bg6 11. O-O O-O 12. Bd3 Bxd3 13. Qxd3 N7f6 14. c4 Nb6 15.
Be3 Qc7 16. Rad1 Rfd8 17. Ng5 h6 18. N5e4 Rd7 19. Nxf6+ Bxf6 20. Ne4 Be7 21. f4
Rad8 22. f5 exf5 23. Rxf5 g6 24. Rf3 f5 25. Ng3 Bf8 26. Bf4 Qc8 27. Be5 Rf7 28.
Rdf1 Nd7 29. Qc3 Nxe5 30. dxe5 Qe6 31. Ne2 Bc5+ 32. Kh1 g5 33. b4 Bb6 34. Qc2
f4 35. Qe4 Be3 36. b5 Rd2 37. Nc3 Rd4 38. Qb1 Qxc4 39. bxc6 Qxc6 40. Qb3 Qc4
41. Qc2 Kg7 42. Rb1 Rd2 43. Qc1 Rd3 44. Rxe3 0-1

[Event "Druzynowe Mistrzostwa Polski Niewidomyc"]
[Site "Wagrowiec"]
[Date "2016.??.??"]
[Round "7.13"]
[White "Traczyk, Tadeusz"]
[Black "Ruszczycki, Jacek"]
[Result "0-1"]
[WhiteElo "1857"]
[BlackElo "1918"]
[PlyCount "56"]
[EventDate "2016.??.??"]

1. e4 c6 2. d4 d5 3. exd5 cxd5 4. Bd3 Nc6 5. c3 Nf6 6. h3 h6 7. Nf3 e6 8. O-O
Bd6 9. Re1 Qc7 10. Nbd2 O-O 11. b4 a6 12. a4 e5 13. dxe5 Nxe5 14. Qc2 Bd7 15.
Nxe5 Bxe5 16. Bb2 Rfe8 17. Nf3 Bd6 18. a5 Rac8 19. Rac1 Rxe1+ 20. Nxe1 Nh5 21.
Qd2 Bf4 22. Qd1 Bxc1 23. Qxc1 Re8 24. Nf3 Nf4 25. Bf1 Bb5 26. Bxb5 axb5 27. Nd4
Nd3 28. Nxb5 Qb8 0-1

[Event "Druzynowe Mistrzostwa Polski Niewidomyc"]
[Site "Wagrowiec"]
[Date "2016.??.??"]
[Round "7.14"]
[White "Szydlowski, Wiktor"]
[Black "Filipiak, Rajmund"]
[Result "0-1"]
[WhiteElo "1781"]
[BlackElo "1561"]
[PlyCount "106"]
[EventDate "2016.??.??"]

1. e4 c6 2. d4 d5 3. Nc3 a6 4. e5 Bf5 5. f4 h6 6. Be2 e6 7. Nf3 c5 8. Be3 Qc7
9. O-O b5 10. dxc5 Bxc5 11. Nd4 Bxd4 12. Qxd4 Ne7 13. a3 Nbc6 14. Qd2 Rc8 15.
Rac1 Na5 16. g4 Bh7 17. Nd1 Nc4 18. Bxc4 Qxc4 19. c3 Qd3 20. Qxd3 Bxd3 21. Re1
h5 22. Nf2 Bc4 23. h3 Kd7 24. Kg2 hxg4 25. hxg4 Rh7 26. Rh1 Rxh1 27. Rxh1 d4
28. Bxd4 Bd5+ 29. Kf1 Bxh1 30. Nxh1 g6 31. Kg2 Nd5 32. Kf3 Rh8 33. Nf2 a5 34.
f5 a4 35. Kg3 gxf5 36. gxf5 Rg8+ 37. Kf3 exf5 38. Nd3 Kc6 39. Nb4+ Nxb4 40.
cxb4 Rg4 41. Bc3 Kd5 42. Ke3 Kc4 43. Ke2 Rg3 44. Kf2 Rxc3 45. bxc3 Kxc3 46. Kf3
Kb3 47. Kf4 Kxa3 48. Kxf5 Kb3 49. Kf6 a3 50. Kxf7 a2 51. e6 a1=Q 52. e7 Qe1 53.
e8=Q Qxe8+ 0-1

[Event "Druzynowe Mistrzostwa Polski Niewidomyc"]
[Site "Wagrowiec"]
[Date "2016.??.??"]
[Round "7.15"]
[White "Chojnowski, Marcin"]
[Black "Zelajtys, Jozef"]
[Result "1-0"]
[WhiteElo "2012"]
[BlackElo "1706"]
[PlyCount "89"]
[EventDate "2016.??.??"]

1. d4 d5 2. Nf3 Nf6 3. c4 c6 4. g3 g6 5. Bg2 Bg7 6. O-O O-O 7. cxd5 cxd5 8. Nc3
Nc6 9. Bf4 Nh5 10. Bg5 h6 11. Be3 a6 12. Qb3 e6 13. Na4 b5 14. Nc5 Na5 15. Qd3
Nc4 16. Bc1 Ra7 17. b3 Nd6 18. Be3 Re7 19. Rfc1 Ra7 20. g4 Nf6 21. Ne5 Qb6 22.
Rc2 b4 23. Na4 Qb5 24. Rc6 Nde4 25. Rac1 Bd7 26. Nxd7 Nxd7 27. Bxe4 dxe4 28.
Qd2 g5 29. d5 Rb7 30. dxe6 fxe6 31. Rxe6 Nf6 32. h3 Rd7 33. Qc2 Rdf7 34. Qc4
Kh7 35. Rxa6 Qd5 36. Qxb4 h5 37. Ra5 Qe6 38. Nc5 Qe7 39. gxh5 Nxh5 40. Qxe4+
Qxe4 41. Nxe4 Bh6 42. Nxg5+ Bxg5 43. Rxg5 Nf4 44. Bxf4 Rxf4 45. Rc4 1-0

[Event "Druzynowe Mistrzostwa Polski Niewidomyc"]
[Site "Wagrowiec"]
[Date "2016.??.??"]
[Round "7.16"]
[White "Dziobek, Jerzy"]
[Black "Zoltek, Tadeusz"]
[Result "0-1"]
[WhiteElo "1750"]
[BlackElo "2149"]
[PlyCount "52"]
[EventDate "2016.??.??"]

1. d4 Nf6 2. Nf3 d5 3. Nbd2 b6 4. c3 e6 5. e3 Bb7 6. Bd3 Nbd7 7. O-O Bd6 8. Re1
Ne4 9. Qc2 f5 10. Qb3 O-O 11. c4 c6 12. c5 Bc7 13. cxb6 axb6 14. h4 h6 15. Nf1
Ndf6 16. g3 g5 17. Qd1 Ng4 18. Bxe4 Nxf2 19. Qe2 fxe4 20. Ne5 Bxe5 21. dxe5
gxh4 22. Qh5 Qg5 23. Qxh4 Qxh4 24. gxh4 Ng4 25. Bd2 Nxe5 26. Bc3 Nf3+ 0-1

[Event "Druzynowe Mistrzostwa Polski Niewidomyc"]
[Site "Wagrowiec"]
[Date "2016.??.??"]
[Round "7.17"]
[White "Migala, Andrzej"]
[Black "Kulik, Roman"]
[Result "1-0"]
[WhiteElo "2025"]
[BlackElo "1743"]
[PlyCount "37"]
[EventDate "2016.??.??"]

1. e4 e6 2. d4 d5 3. e5 c5 4. c3 Nc6 5. Nf3 Bd7 6. a3 c4 7. Nbd2 g6 8. Be2 Bh6
9. O-O Nge7 10. Nxc4 Bg7 11. Nd6+ Kf8 12. Nxb7 Qc7 13. Nc5 Nf5 14. b4 Bc8 15.
c4 dxc4 16. Bxc4 a5 17. Rb1 axb4 18. axb4 Rb8 19. b5 1-0